000 00638nam a2200217 i 4500
001 105554
003 ES-MaACL
005 20230906183924.0
007 t|
008 060725s1964 ag ||||1| spa d
080 _a821.134.2(85)-31"19"
100 1 _aArguedas, José María.
_922708
245 1 0 _aTodas las sangres /
_cJosé María Arguedas.
260 _aBuenos Aires :
_bLosada,
_c[1964]
300 _a471 p. ;
_c21 cm.
490 1 _aNovelistas de nuestra época
500 _aBiblioteca Juan Andrade.
830 0 _aNovelistas de nuestra época
_9181054
852 _aES-MaACL
_jAND-362
_bR.109666
999 _c105554
_d105554